LEADER 00841nam0 2200289 450 001 000027472 005 20100524134024.0 010 $a978-0-13-507421-3 100 $a20100524d2010----km-y0itay50------ba 101 0 $aeng 102 $aUS 105 $aa-------001yy 200 1 $aSocial psychology$fElliot Aronson, Timothy D. Wilson, Robin M. Akert 205 $a7. ed. 210 $aBoston$cPearson$dc2010 215 $a623 p.$cill.$d28 cm 500 10$aSocial psychology$914602 610 1 $aPsicologia sociale 676 $a302$v21 700 1$aAronson,$bElliot$089307 701 1$aWilson,$bTimothy D.$0509519 701 1$aAkert,$bRobin M.$0509520 801 0$aIT$bUNIPARTHENOPE$c20100524$gRICA$2UNIMARC 912 $a000027472 951 $a302-S/3$b42145$cNAVA1$d2010 996 $aSocial psychology$914602 997 $aUNIPARTHENOPE LEADER 00860nam 2200337 450 001 9910155833303321 010 $a2-8062-8026-5 035 $a(CKB)3710000000977132 035 $a(MiAaPQ)EBC4771127 035 $a(EXLCZ)993710000000977132 100 $a20170111h20162016 uy 0 101 0 $aspa 135 $aurcnu|||||||| 181 $2rdacontent 182 $2rdamedia 183 $2rdacarrier 200 10$aUlises /$fde James Joyce 210 1$a[Cork, Ireland] :$cResumenExpress.com,$d2016. 210 4$dİ2016 215 $a1 online resource (24 pages) 225 1 $aGui?a de lectura 410 0$aGui?a de lectura. 676 $a823.912 700 $aJoyce$b James$0163567 801 0$bMiAaPQ 801 1$bMiAaPQ 801 2$bMiAaPQ 906 $aBOOK 912 $a9910155833303321 996 $aUlises$92997552 997 $aUNINA